LEADER 01483nam a2200349 a 4500
001 c000004376
003 CARM
005 00000000000000.0
008 840620s1984 cau 00010 eng
019 1 |a 3362266  |5 LACONCORD2021 
020 |a 0151575509 
035 |a (OCoLC)10875946  |5 LACONCORD2021 
041 1 |a engfre 
043 |a e-fr--- 
050 0 0 |a HQ1619.N67  |b M3713 1984 
082 0 0 |a 306.8/5/0924  |2 19 
130 0 |a Marthe.  |l English. 
245 1 0 |a Marthe /  |c translated from the French by Donald M. Frame ; introduction by Frederick Brown. 
250 |a 1st ed. 
260 |a San Diego :  |b Harcourt Brace Jovanovich, Publishers,  |c c1984. 
300 |a xiv, 362 p. ;  |c 24 cm. 
500 |a "A Helen and Kurt Wolff book." 
650 0 |a Young women  |z France  |z Normandy  |x Social conditions  |x Case studies. 
650 0 |a Young women  |z France  |z Normandy  |x Sexual behavior  |x Case studies. 
650 0 |a Families  |z France  |z Normandy  |x History  |y 19th century  |x Case studies. 
650 0 |a Nobility  |z France  |z Normandy  |x History  |y 19th century  |x Case studies. 
651 0 |a Normandy (France)  |x Social life and customs  |x Case studies. 
651 0 |a Normandy (France)  |x Moral conditions  |x Case studies. 
700 1 |a Frame, Donald M.  |q (Donald Murdoch),  |d 1911- 
852 8 |b CARM  |h A2:AI17A0  |i B04192  |p 0191423  |f BK 
999 f f |i 74a2f983-cdee-5d9c-ae7a-c7efe10bfe3e  |s b57b928c-9766-5b71-ab0d-e78fdb87d08a 
952 f f |p Can circulate  |a CAVAL  |b CAVAL  |c CAVAL  |d CARM 1 Store  |e B04192  |f A2:AI17A0  |h Other scheme  |i book  |m 0191423